000 01055cam a22002533a 4500
001 3278
003 PGUSA
005 20140828083030.0
008 020601s2002||||xxu|||||s|||||000 e eng d
040 _aPGUSA
_beng
042 _adc
050 4 _aPR
100 1 _aButler, Samuel,
_d1835-1902
245 1 0 _aCambridge Pieces
_h[electronic resource] /
_cSamuel Butler
260 _bProject Gutenberg,
_c2002
505 0 _aOn English Composition and Other Matters -- Our Tour -- Translation from an Unpublished Work of Herodotus -- The shield of Achilles, with variations -- Prospectus of the Great Split -- Society -- Powers -- A skit on examinations -- An Eminent Person -- Napoleon at St. Helena -- The Two Deans -- The Battle of Alma Mater -- On the Italian Priesthood -- Samuel Butler and the Simeonites.
506 _aPublic domain in the USA.
516 _aElectronic text
653 _aShort stories, English
653 _aEnglish essays
830 0 _aProject Gutenberg
_v3278
856 4 0 _uhttp://www.gutenberg.org/ebooks/3278
942 _cEB
999 _c232607
_d232607